000 00820nam a2200265 n 4500
001 C2-0109095
003 PPAK
005 20230717105535.0
008 970619s1991 my a g | 1 may d
020 _qpaperback
040 _aPPAK
_beng
_cPPAK
_erda
082 0 4 _223
_a923.2595
090 2 0 _a923.2595
_bAZI
_dKK
090 2 0 _a923.2595
_bAZI
_dKMI
090 2 0 _a923.2595
_bAZI
_dKWS
100 0 _aAziz Zariza Ahmad,
_eauthor.
245 1 0 _aSANUSI :
_bSETIAP SUDUT ADALAH KEPUTUSAN /
_caziz zariza ahmad
264 1 _a[Kuala Lumpur] :
_bFirma Malaysia Publishing,
_c1991
300 _a[329] pages :
_billustrations ;
_c22 cm
336 _2rdacontent
_atext
337 _2rdamedia
_aunmediated
338 _2rdacarrier
_avolume
650 1 0 _aPoliticians
_vBiography
_zMalaysia
942 _cB
_2ddc
999 _c27032
_d27032